000 00461 a2200169 4500
001 068164
003 OSt
005 20220125172029.0
008
082 _a005.432
_bC36U
100 1 _aChan, Terrence
245 1 _aUNIX system programming using C++
_cby Terrence Chan
260 _aNew Delhi
_bPHI Learning
_c1997
300 _a598p.
653 _aC++ (Computer program language); UNIX (Computer file)
942 _2ddc
_cBK
999 _c1925
_d1925